000 00380nam a22001337a 4500
005 20250901165812.0
008 250327b |||||||| |||| 00| 0 eng d
020 _a9879966010597
050 _aPL 8704 .M36 2006
245 _aMimba ingali mimba na hadithi nyingine /
_cOwen MCOnyango (Mhariri)
260 _aNairobi:
_bFocus,
_c2006.
300 _a180 p.
_bill.:
_c18 cm.
942 _2lcc
999 _c9419
_d9419